Taylor Swift - Devine la chanson sans indices #11 - Statistiques

Statistiques générales
  • Ce quiz a été pris 560 fois
  • Le résultat moyen est 223 sur 392
Statistiques - réponses
Réponse % Correct
I
99%
a
97%
you
97%
You
97%
the
93%
me
87%
Me
87%
on
84%
your
84%
to
83%
in
81%
it
81%
my
80%
My
80%
And
76%
and
76%
is
74%
that
74%
what
73%
like
72%
so
72%
for
70%
You're
70%
you're
70%
of
69%
Of
69%
I'm
66%
(I'm
66%
It's
66%
it's
66%
know
64%
'Cause
63%
'cause
63%
but
62%
not?
62%
all
61%
why
60%
Don't
59%
just
57%
by
56%
there
54%
look
51%
if
50%
back
48%
see
48%
get
47%
mean
47%
thought
47%
down
44%
karma
44%
Karma
44%
(karma
44%
here
43%
here)
43%
from
42%
god
42%
loves
42%
boyfriend
41%
boyfriend)
41%
cat
41%
home
40%
wouldn't
40%
friends
39%
weekend
38%
(weekend)
38%
coming
37%
Coming
37%
hair
37%
relaxing
37%
side
37%
street
37%
guy
36%
hell
36%
keep
36%
clean
35%
screen
35%
Sweet
35%
acrobat
34%
lap
34%
still
34%
still,
34%
vibe
34%
around
33%
honey,
33%
Karma's
33%
made
33%
shit
33%
those
33%
goddamn
32%
you'll
32%
breeze
31%
gonna
31%
only
30%
straight
30%
talking
30%
Purring
29%
Aren't
28%
Ask
28%
dare,
28%
Step
28%
step
28%
town
27%
everyone
26%
queen
26%
takes
26%
years
26%
envious
25%
justice,
25%
tears
25%
terrified
25%
Flexing
24%
relevant
24%
track
24%
hunter
23%
learned
23%
many
23%
once,
23%
thunder
23%
Addicted
22%
glare
22%
ground
22%
king
22%
summit
21%
burned
20%
earned
20%
twice
20%
bounty
19%
betrayal,
18%
price?
18%
crown
17%
little
17%
cash
16%
Spider-boy,
16%
pennies
15%
ain't
14%
Trick
14%
trick
14%
opacity
13%
Weave
13%
webs
13%
Rattling
12%
thieves
12%
scent
11%
fade,
10%
Aucun quiz correspondant
Distribution des résultats
% des personnes avec chaque résultat
Percentile par nombre de réponses
Votre historique - résultats
Vous n’avez pas pris ce quiz